| 000 | 02240nam a2200433 c 4500 | ||
|---|---|---|---|
| 003 | BLK | ||
| 005 | 20240315005323.0 | ||
| 008 | 180408b bul|||||r ||||||| ||bul|| | ||
| 010 | _aKNG00070138000 | ||
| 020 |
_a954-769-134-1 _bиздат.: Обсидиан |
||
| 040 | _aBLK | ||
| 041 |
_aBUL _cBUL |
||
| 080 |
_aОбщество (в цялост). Обществото като система. - Обществено развитие в цялост. Социология на отделните обществени системи _b316.32 _x _z316.32 |
||
| 080 |
_aМеждународни икономически отношения. Външностопанска политика. Световно стопанство _b339.9 _x _z339.9 |
||
| 080 |
_aМеждународни политически отношения. Световна политика. Международна политика. Дипломация _b327 _x(100) _z327(100) |
||
| 100 | 1 |
_aФрийдман, Томас _eпърви автор _9292662 |
|
| 700 | 1 |
_aКоев, Кольо _eпрев. от англ. _9365813 |
|
| 139 |
_aФрийдман, Томас _bФ 83 |
||
| 245 | 1 | 0 |
_aСветът е плосък _bКратка история на ХХІ в. _cТомас Фрийдман; прев. от англ. Кольо Коев. |
| 257 | _aGBR | ||
| 260 |
_аСофия _bОбсидиан _c2006 _fВ. Търново : Абагар |
||
| 300 |
_a672 с. _c21 см |
||
| 380 | _a3 | ||
| 500 | _aОриг. загл. The Word Is Flat / Thomas L. Friedman. - Офс. изд. - Съдържа и Индекс. | ||
| 650 | 4 |
_aГлобализация _9152211 |
|
| 650 | 4 |
_aГлобални проблеми на съвременността _9242685 |
|
| 650 | 0 |
_aМеждународни отношения _9245477 |
|
| 653 | _aглобализация | ||
| 653 | _aмеждународни отношения | ||
| 653 | _aглобално развитие | ||
| 653 | _aгеополитика | ||
| 653 | _aсветовно стопанство | ||
| 852 | _aЦб 230502 | ||
| 856 | 4 |
_qpdf _u |
|
| 856 | 4 |
_qpdf _u |
|
| 942 |
_cKNG _n0 _03 |
||
| 944 |
_aCR _c19.12.2006 _k _lCRON CRON |
||
| 944 |
_aED _c20.12.2007 _k |
||
| 999 |
_c65856 _d65856 |
||